00727 2200277 4500001002100000005001500021035002000036007000300056008004100059040001700100100002300117245005700140250001200197300002800209020002200237041000800259082001000267084001600277090002200293260004700315650001100362850001000373990002200383990002200405990002200427INLIS00000000000328320260527114414 a0010-0421000106ta260527 0  aSBPUPADbind0 aYahya Andi Saputra1 aUpacara Daur HIdup Adat Betawi /cYahya Andi Saputra a.-Cet.1 axiii, 187 hlm. ;c21 cm a978-979-3256-78-20 aind a392.5 a392.5 YAH u a392.5 YAH u L9-R2 a.--Jakarta :bWedatama Widya Sastra,c2008 4aBudaya aPUPAD a7628/ARPUS-PDG-08 a7627/ARPUS-PDG-08 a7626/ARPUS-PDG-08